Microbiology (Record no. 21346)
[ view plain ]
| 000 -LEADER | |
|---|---|
| fixed length control field | 007910000a22003370004500 |
| 003 - CONTROL NUMBER IDENTIFIER | |
| control field | OSt |
| 005 - DATE AND TIME OF LATEST TRANSACTION | |
| control field | 20180703112808.0 |
| 008 - FIXED-LENGTH DATA ELEMENTS--GENERAL INFORMATION | |
| fixed length control field | 180703b xxu||||| |||| 00| 0 eng d |
| 020 ## - INTERNATIONAL STANDARD BOOK NUMBER | |
| International Standard Book Number | 0-07-462320-6 |
| 040 ## - CATALOGING SOURCE | |
| Transcribing agency | 1 |
| 041 ## - LANGUAGE CODE | |
| Language code of text/sound track or separate title | Eng |
| 082 ## - DEWEY DECIMAL CLASSIFICATION NUMBER | |
| Classification number | 576 |
| Item number | P362m |
| 100 ## - MAIN ENTRY--PERSONAL NAME | |
| Personal name | Pelczar, Michael J. |
| 100 ## - MAIN ENTRY--PERSONAL NAME | |
| Personal name | Chan, E. C. S. |
| 100 ## - MAIN ENTRY--PERSONAL NAME | |
| Personal name | Krieg, Noel R. |
| 245 ## - TITLE STATEMENT | |
| Title | Microbiology |
| 250 ## - EDITION STATEMENT | |
| Edition statement | 5th ed. |
| 260 ## - PUBLICATION, DISTRIBUTION, ETC. (IMPRINT) | |
| Place of publication, distribution, etc | New Delhi |
| Name of publisher, distributor, etc | ata McGraw-Hill Publication, |
| 260 ## - PUBLICATION, DISTRIBUTION, ETC. (IMPRINT) | |
| Date of publication, distribution, etc | 1986 |
| 300 ## - PHYSICAL DESCRIPTION | |
| Extent | ix, 918p. |
| Other physical details | illus. |
| 500 ## - GENERAL NOTE | |
| General note | Bibliography at the end of each chapter |
| 518 ## - DATE/TIME AND PLACE OF AN EVENT NOTE | |
| Date/time and place of an event note | 20000510 |
| 530 ## - ADDITIONAL PHYSICAL FORM AVAILABLE NOTE | |
| Additional physical form available note | M |
| 650 ## - SUBJECT ADDED ENTRY--TOPICAL TERM | |
| Topical term or geographic name as entry element | Microbiology |
| 650 ## - SUBJECT ADDED ENTRY--TOPICAL TERM | |
| Topical term or geographic name as entry element | Microorganisms |
| 650 ## - SUBJECT ADDED ENTRY--TOPICAL TERM | |
| Topical term or geographic name as entry element | Bacteria |
| 650 ## - SUBJECT ADDED ENTRY--TOPICAL TERM | |
| Topical term or geographic name as entry element | Diseases |
| 650 ## - SUBJECT ADDED ENTRY--TOPICAL TERM | |
| Topical term or geographic name as entry element | Genetics |
| 650 ## - SUBJECT ADDED ENTRY--TOPICAL TERM | |
| Topical term or geographic name as entry element | Fungi |
| 942 ## - ADDED ENTRY ELEMENTS (KOHA) | |
| Koha item type | General Collections |
| Source of classification or shelving scheme | Dewey Decimal Classification |
| Withdrawn status | Lost status | Damaged status | Not for loan | Home library | Current library | Date acquired | Total Checkouts | Barcode | Date last seen | Price effective from | Source of classification or shelving scheme | Total Renewals | Full call number | Date checked out | Koha item type | Shelving location |
|---|---|---|---|---|---|---|---|---|---|---|---|---|---|---|---|---|
| Tribhuvan University Central Library | Tribhuvan University Central Library | 06/20/2010 | 122263 | 06/20/2010 | 06/20/2010 | |||||||||||
| Tribhuvan University Central Library | Tribhuvan University Central Library | 08/08/2011 | 5 | G68829 | 09/26/2019 | 08/08/2011 | Dewey Decimal Classification | 4 | 576 P362m | 08/02/2019 | General Collections | |||||
| Tribhuvan University Central Library | Tribhuvan University Central Library | 04/18/2017 | 7 | 145718 | 08/05/2019 | 04/18/2017 | Dewey Decimal Classification | 4 | 576 P362m | 04/02/2019 | General Collections | New Building | ||||
| Tribhuvan University Central Library | Tribhuvan University Central Library | 07/04/2018 | 158726 | 07/04/2018 | 07/04/2018 | Dewey Decimal Classification | 576 P362m | Text Book Collections | ||||||||
| Tribhuvan University Central Library | Tribhuvan University Central Library | 07/04/2018 | 158727 | 07/04/2018 | 07/04/2018 | Dewey Decimal Classification | 576 P362m | General Collections | ||||||||
| Tribhuvan University Central Library | Tribhuvan University Central Library | 07/04/2018 | 3 | 158728 | 03/13/2024 | 07/04/2018 | Dewey Decimal Classification | 576 P362m | 02/21/2024 | General Collections | New Building | |||||
| Tribhuvan University Central Library | Tribhuvan University Central Library | 07/04/2018 | 3 | 158729 | 04/01/2025 | 07/04/2018 | Dewey Decimal Classification | 1 | 576 P362m | 12/22/2024 | General Collections | New Building | ||||
| Tribhuvan University Central Library | Tribhuvan University Central Library | 07/04/2018 | 2 | 158730 | 07/16/2025 | 07/04/2018 | Dewey Decimal Classification | 5 | 576 P362m | 04/16/2025 | General Collections | New Building | ||||
| Tribhuvan University Central Library | Tribhuvan University Central Library | 07/30/2018 | G79363 | 07/30/2018 | 07/30/2018 | Dewey Decimal Classification | 576 P362m | General Collections |
